Everything I need to know I learned in The Twilight Zone : (Record no. 116354)

MARC details
000 -LEADER
campo de control de longitud fija 02194nam a22002777a 4500
003 - IDENTIFICADOR DE NÚMERO DE CONTROL
campo de control BJBSDDR
005 - FECHA Y HORA DE LA ÚLTIMA TRANSACCIÓN
campo de control 20230411090800.0
006 - CÓDIGOS DE INFORMACIÓN DE LONGITUD FIJA--CARACTERÍSTICAS DEL MATERIAL ADICIONAL
campo de control de longitud fija a|||||r|||| 00| 0
007 - CAMPO FIJO DE DESCRIPCIÓN FÍSICA--INFORMACIÓN GENERAL
campo de control de longitud fija ta
008 - DATOS DE LONGITUD FIJA--INFORMACIÓN GENERAL
campo de control de longitud fija 300622s2020 nyu||||| |||| 00| 0 eng d
020 ## - NÚMERO INTERNACIONAL ESTÁNDAR DEL LIBRO
Número Internacional Estándar del Libro 9781250621504
020 ## - NÚMERO INTERNACIONAL ESTÁNDAR DEL LIBRO
Número Internacional Estándar del Libro 125062150X
040 ## - FUENTE DE CATALOGACIÓN
Lengua de catalogación spa
Centro/agencia transcriptor BJBSDDR
041 ## - CÓDIGO DE IDIOMA
Código de lengua del texto/banda sonora o título independiente eng
050 14 - SIGNATURA TOPOGRÁFICA DE LA BIBLIOTECA DEL CONGRESO
Número de clasificación BJ 1589
Número de ítem D269e 2020
082 00 - NÚMERO DE LA CLASIFICACIÓN DECIMAL DEWEY
Número de clasificación 170/.44
100 1# - ENTRADA PRINCIPAL--NOMBRE DE PERSONA
9 (RLIN) 23067
Nombre de persona Dawidziak, Mark,
Fechas asociadas al nombre 1956-
245 1# - MENCIÓN DEL TÍTULO
Título Everything I need to know I learned in The Twilight Zone :
Resto del título a fifth-dimension guide to life /
Mención de responsabilidad, etc. Mark Dawidziak
260 ## - PUBLICACIÓN, DISTRIBUCIÓN, ETC.
Lugar de publicación, distribución, etc. New York :
Nombre del editor, distribuidor, etc. Thomas Dune Books,
Fecha de publicación, distribución, etc. 2020
300 ## - DESCRIPCIÓN FÍSICA
Extensión xxiii, 340 p. :
Otras características físicas ill. ;
Dimensiones 23 cm
500 ## - NOTA GENERAL
Nota general "Now with lessons from the Jordan Peele reboot!" -- Cover.<br/>Includes index.
520 ## - RESUMEN, ETC.
Sumario, etc. Can you live your life by what The Twilight Zone has to teach you? Yes, and maybe you should. The proof is in this lighthearted collection of life lessons, ground rules, inspirational thoughts, and stirring reminders found in Rod Serlings timeless fantasy series. This unauthorized tribute is a celebration of the classic anthology show, but also, on another level, a kind of fifth-dimension self-help book, with each lesson supported by the morality tales told by Serling and his writers. The notion that "its never too late to reinvent yourself" soars through "The Last Flight," in which a World War I flier goes forward in time and gets the chance to trade cowardice for heroism. A visit from an angel blares out the wisdom of "follow your passion" in "A Passage for Trumpet." The meaning of "divided we fall" is driven home with dramatic results when neighbors suspect neighbors of being invading aliens in "The Monsters Are Due on Maple Street." The old maxim about never judging a book by its cover is given a tasty twist when an alien tome is translated in "To Serve Man." After all, in a series of cautionary tales that show what happens when you don't kick the can or refuse to believe the monks when they say they've captured the Devil, who wouldn't heed a warning... from The Twilight Zone?
610 24 - PUNTO DE ACCESO ADICIONAL DE MATERIA--NOMBRE DE ENTIDAD CORPORATIVA
9 (RLIN) 23120
Nombre de entidad corporativa o nombre de jurisdicción como elemento de entrada Twilight zone (Programa de televisión: 1959-1964)
650 #4 - PUNTO DE ACCESO ADICIONAL DE MATERIA--TÉRMINO DE MATERIA
9 (RLIN) 1535
Término de materia o nombre geográfico como elemento de entrada Conducta de vida
942 ## - ELEMENTOS DE ENTRADA SECUNDARIOS (KOHA)
Fuente del sistema de clasificación o colocación Clasificación de Library of Congress
Tipo de ítem Koha Libro
Holdings
Estatus retirado Estado de pérdida Fuente del sistema de clasificación o colocación Estado de daño No para préstamo Colección Biblioteca de origen Biblioteca actual Ubicación en estantería Fecha de adquisición Signatura topográfica completa Código de barras Visto por última vez Copia número Tipo de ítem Koha
    Clasificación de Library of Congress     Humanidades Biblioteca Juan Bosch Biblioteca Juan Bosch Humanidades (4to. Piso) 30/06/2022 BJ 1589 D269e 2020 00000158416 30/06/2022 1 Libro